<?xml version='1.0' encoding='UTF-8'?>
  <record xmlns="http://www.loc.gov/MARC21/slim">
    <leader>00000cam a2200000 i 4500</leader>
    <controlfield tag="001">ocm63684527</controlfield>
    <controlfield tag="003">OCoLC</controlfield>
    <controlfield tag="005">20250709222033.5</controlfield>
    <controlfield tag="008">840417m17431750ne            000 0 dut d</controlfield>
    <datafield tag="040" ind1=" " ind2=" ">
      <subfield code="a">NLGGC</subfield>
      <subfield code="b">dut</subfield>
      <subfield code="e">fobidrtb</subfield>
      <subfield code="c">NLGGC</subfield>
      <subfield code="d">L2U</subfield>
      <subfield code="d">OCLCO</subfield>
      <subfield code="d">OCLCQ</subfield>
      <subfield code="d">OCLCA</subfield>
      <subfield code="d">OCLCL</subfield>
      <subfield code="d">OCLCQ</subfield>
      <subfield code="d">OCLCL</subfield>
    </datafield>
    <datafield tag="029" ind1="0" ind2=" ">
      <subfield code="a">NLGGC</subfield>
      <subfield code="b">841079374</subfield>
    </datafield>
    <datafield tag="035" ind1=" " ind2=" ">
      <subfield code="a">(OCoLC)63684527</subfield>
    </datafield>
    <datafield tag="082" ind1="0" ind2="4">
      <subfield code="a">839.3</subfield>
      <subfield code="q">OCoLC</subfield>
      <subfield code="1">https://id.oclc.org/worldcat/ddc/E3YMR3gBW84cvFxtvKtjbyJHxK</subfield>
    </datafield>
    <datafield tag="084" ind1=" " ind2=" ">
      <subfield code="a">20.20</subfield>
      <subfield code="2">bcl</subfield>
    </datafield>
    <datafield tag="100" ind1="1" ind2=" ">
      <subfield code="a">Ripa, Cesare,</subfield>
      <subfield code="d">ca. 1560-ca. 1620.</subfield>
      <subfield code="1">https://id.oclc.org/worldcat/entity/E39PBJmtyGQBFGM9VjfDBPV6Kd</subfield>
    </datafield>
    <datafield tag="245" ind1="1" ind2="4">
      <subfield code="a">Het groot natuur- en zedekundigh werelttoneel of woordenboek van meer dan 1200 aeloude Egiptische, Grieksche en Romeinsche zinnebeelden of beeldenspraek :</subfield>
      <subfield code="b">vervattende eene geleerde en leerzaeme uitbeelding en beschryving van alle deugden, ondeugden, genegentheden, bedryven, hartstogten, kunsten, leeringen en zinnelykheden dier aeloude volkeren, mitsgaders van hooftstoffen, hemellichten, lantschappen, rivieren en veele andere zaeken /</subfield>
      <subfield code="c">op nieu uit de oirsprongklyke schriften van Cezar Ripa, Zarantino Kastellini, Piërus Valerianus, ... en andere doorluchtige vernunften getrokken, in eene alphabetische orde gebragt, met uitvoerige aenm. en ophelderingen zoo uit gewyde als ongewyde schryvers, en een volkomen bladwyzer van zaeken en woorden verrykt door een' ervaren tael- en outheitkundigen: hebbende voor het overige de uitmuntende dichter Hubert Korneliszoon Poot ... in klaer en zuiver Nederduitsch overgeschreven, en achter verscheide zinnebeelden dichtkundige toepassingen gestelt ; Met fraeije kunstplaten versiert.</subfield>
    </datafield>
    <datafield tag="260" ind1=" " ind2=" ">
      <subfield code="a">Te Delft :</subfield>
      <subfield code="b">gedrukt by Reinier Boitet,</subfield>
      <subfield code="c">1743-1750.</subfield>
    </datafield>
    <datafield tag="300" ind1=" " ind2=" ">
      <subfield code="a">3 dl. :</subfield>
      <subfield code="b">ill. ;</subfield>
      <subfield code="c">in-2.</subfield>
    </datafield>
    <datafield tag="336" ind1=" " ind2=" ">
      <subfield code="a">tekst</subfield>
      <subfield code="b">txt</subfield>
      <subfield code="2">rdacontent/dut</subfield>
    </datafield>
    <datafield tag="337" ind1=" " ind2=" ">
      <subfield code="a">zonder medium</subfield>
      <subfield code="b">n</subfield>
      <subfield code="2">rdamedia/dut</subfield>
    </datafield>
    <datafield tag="338" ind1=" " ind2=" ">
      <subfield code="a">band</subfield>
      <subfield code="b">nc</subfield>
      <subfield code="2">rdacarrier/dut</subfield>
    </datafield>
    <datafield tag="500" ind1=" " ind2=" ">
      <subfield code="a">Met gegrav. titelblad.</subfield>
    </datafield>
    <datafield tag="504" ind1=" " ind2=" ">
      <subfield code="a">Met indices.</subfield>
    </datafield>
    <datafield tag="510" ind1="0" ind2=" ">
      <subfield code="a">Landwehr (Emblem &amp; fable books) 681</subfield>
    </datafield>
    <datafield tag="530" ind1=" " ind2=" ">
      <subfield code="a">Titel is geselecteerd voor digitalisering voor de Universiteit van Leiden in het kader van het Google Books-project.</subfield>
    </datafield>
    <datafield tag="505" ind1="0" ind2=" ">
      <subfield code="a">I,II. (1743); III. (1750)</subfield>
    </datafield>
    <datafield tag="650" ind1=" " ind2="7">
      <subfield code="a">20.20 iconography.</subfield>
      <subfield code="0">(NL-LeOCL)077593804</subfield>
      <subfield code="2">bcl</subfield>
    </datafield>
    <datafield tag="700" ind1="1" ind2=" ">
      <subfield code="a">Castellini, Giovanni Zaratino,</subfield>
      <subfield code="d">1570-1641.</subfield>
      <subfield code="1">https://id.oclc.org/worldcat/entity/E39PBJB8t4pGQ4dQkdYPCQXyBP</subfield>
    </datafield>
    <datafield tag="700" ind1="1" ind2=" ">
      <subfield code="a">Valeriano Bolzani, Giovanni Pietro,</subfield>
      <subfield code="d">1477-ca. 1558.</subfield>
      <subfield code="1">https://id.oclc.org/worldcat/entity/E39PBJjhCQV3pgtcVRPpWgw6Kd</subfield>
    </datafield>
    <datafield tag="700" ind1="1" ind2=" ">
      <subfield code="a">Poot, Hubert Cornelisz</subfield>
      <subfield code="q">(Hubert Korneliszoon),</subfield>
      <subfield code="d">1689-1733.</subfield>
      <subfield code="1">https://id.oclc.org/worldcat/entity/E39PBJxRwfvJ9PjWwDvcmd7j4q</subfield>
    </datafield>
    <datafield tag="710" ind1="0" ind2=" ">
      <subfield code="a">Boitet, Reinier (Delft)</subfield>
      <subfield code="4">prt</subfield>
      <subfield code="0">(NL-LeOCL)077131533</subfield>
    </datafield>
    <datafield tag="776" ind1="0" ind2=" ">
      <subfield code="t">Het groot natuur- en zedekundigh werelttoneel of woordenboek van meer dan 1200 aeloude Egiptische, Grieksche en Romeinsche zinnebeelden of beeldenspraek</subfield>
      <subfield code="w">(NL-LeOCL)411765655</subfield>
    </datafield>
    <datafield tag="776" ind1="0" ind2=" ">
      <subfield code="t">Het groot natuur- en zedekundigh werelttoneel of woordenboek van meer dan 1200 aeloude Egiptische, Grieksche en Romeinsche zinnebeelden of beeldenspraek</subfield>
      <subfield code="w">(NL-LeOCL)411765663</subfield>
    </datafield>
    <datafield tag="936" ind1=" " ind2=" ">
      <subfield code="a">BATCHLOAD</subfield>
    </datafield>
  </record>